| 000 | 00731cam a22002533a 4500 | ||
|---|---|---|---|
| 001 | 27342 | ||
| 003 | PGUSA | ||
| 005 | 20140828083606.0 | ||
| 008 | 081127s2008||||xxu|||||s|||||000 1 eng d | ||
| 040 |
_aPGUSA _beng |
||
| 042 | _adc | ||
| 050 | 4 | _aPS | |
| 100 | 1 |
_aChambers, Robert W. _q(Robert William), _d1865-1933 |
|
| 245 | 1 | 0 |
_aAthalie _h[electronic resource] / _cRobert W. Chambers |
| 260 |
_bProject Gutenberg, _c2008 |
||
| 506 | _aPublic domain in the USA. | ||
| 516 | _aElectronic text | ||
| 653 | _aParanormal fiction | ||
| 653 | _aMan-woman relationships -- Fiction | ||
| 700 | 1 |
_aCraig, Frank, _d1874-1918 |
|
| 830 | 0 |
_aProject Gutenberg _v27342 |
|
| 856 | 4 | 0 | _uhttp://www.gutenberg.org/ebooks/27342 |
| 942 | _cEB | ||
| 999 |
_c256597 _d256597 |
||